|
|
|
|
| LEADER |
00000nam0a2200000 4500 |
| 001 |
117308 |
| 005 |
20231031123704.0 |
| 020 |
|
|
|a RU
|b 88-82050
|
| 035 |
|
|
|a (RuTPU)RU\TPU\book\126980
|
| 090 |
|
|
|a 117308
|
| 100 |
|
|
|a 20070601d1988 m a0rusy5003 ca
|
| 101 |
0 |
|
|a rus
|
| 102 |
|
|
|a RU
|
| 105 |
|
|
|a a z 001zy
|
| 200 |
1 |
|
|a Микропроцессорные вычислительные устройства управляющих систем
|e межвузовский сборник
|f Московский государственный институт электронной техники (Технический университет) (МИЭТ) ; под ред. В. А. Бархоткина
|
| 210 |
|
|
|a Москва
|c МИЭТ
|d 1988
|
| 215 |
|
|
|a 223 с.
|c ил.
|
| 320 |
|
|
|a Библиография в конце статей
|
| 610 |
1 |
|
|a микропроцессорные устройства
|
| 610 |
1 |
|
|a вычислительные устройства
|
| 610 |
1 |
|
|a управляющие системы
|
| 610 |
1 |
|
|a сборники
|
| 675 |
|
|
|a 681.3.23
|v 3
|
| 702 |
|
1 |
|a Бархоткин
|b В. А.
|4 340
|
| 712 |
0 |
2 |
|a Московский государственный институт электронной техники (МИЭТ)
|c (1965-1992)
|2 stltpush
|3 (RuTPU)RU\TPU\col\19357
|
| 801 |
|
0 |
|a RU
|b RuMRKP
|c 19950417
|g psbo
|
| 801 |
|
1 |
|a RU
|b 63413507
|c 20070601
|g PSBO
|
| 801 |
|
2 |
|a RU
|b 63413507
|c 20140214
|g PSBO
|
| 942 |
|
|
|c BK
|